000 00627nam a2200229 a 4500
001 000037805
003 DO-SdBNP
005 20220615082157.0
007 ta
008 130306s2004 dr r 000 0 spa d
040 _aDO-SdBNP
_bspa
_cBNPHU
082 4 _bA561j, 2004
_222
100 1 _aAndrés, Mateo
_97205
245 1 0 _aJuventud & castidad :
_beducación sexual de nuestros jovenes /
_cAndrés Mateo.
250 _a2a ed.
260 _aSanto Domingo :
_bAmigo del hogar,
_c2004.
300 _a88 p. ;
_c21 cm.
490 1 _aRenacer
590 _aInventariado, 2022/BT
830 0 _aRenacer
_920494
942 _2ddc
_cLBS1
999 _c37295
_d37295